Encyclopaedia of athletics (Record no. 980557)

MARC details
000 -LEADER
fixed length control field 00689nam a2200253Ia 4500
003 - CONTROL NUMBER IDENTIFIER
control field OSt
005 - DATE AND TIME OF LATEST TRANSACTION
control field 20221005073109.0
008 - FIXED-LENGTH DATA ELEMENTS--GENERAL INFORMATION
fixed length control field 221004b |||||||| |||| 00| 0 eng d
037 ## - SOURCE OF ACQUISITION
Terms of availability Textual
040 ## - CATALOGING SOURCE
Original cataloging agency CRL
Transcribing agency CRL
Language of cataloging eng
041 ## - LANGUAGE CODE
Source of code eng
Language code of text/sound track or separate title eng
100 ## - MAIN ENTRY--PERSONAL NAME
Personal name Thani Yograj Comp
9 (RLIN) 607715
245 #0 - TITLE STATEMENT
Title Encyclopaedia of athletics
260 ## - PUBLICATION, DISTRIBUTION, ETC.
Place of publication, distribution, etc. New Delhi
Name of publisher, distributor, etc. Gian
Date of publication, distribution, etc. 1991
300 ## - PHYSICAL DESCRIPTION
Extent 297p
Dimensions cm.
650 ## - SUBJECT ADDED ENTRY--TOPICAL TERM
Topical term or geographic name entry element INDUSTRIAL ARTS
700 ## - ADDED ENTRY--PERSONAL NAME
Personal name Thani Lokesh Comp
942 ## - ADDED ENTRY ELEMENTS (KOHA)
Classification part MY2k, N1 (R R)
Koha item type Textual
Source of classification or shelving scheme
Holdings
Withdrawn status Lost status Damaged status Not for loan Home library Current library Date acquired Total Checkouts Full call number Barcode Date last seen Price effective from Koha item type
        Central Library Central Library 2022-10-05   MY2k N1 (R R) CL1039423 2022-10-05 2022-10-05 Textual
Copyright @ Delhi University Library System